| 000 | 00395nam a2200145Ia 4500 | ||
|---|---|---|---|
| 005 | 20250423101047.0 | ||
| 008 | 250422s9999 xx 000 0 und d | ||
| 020 | _a9789785166026 | ||
| 245 | 0 | _aSure & steady transformation : progress report of president Goodluck Jonathan’s administration | |
| 260 | _aLagos | ||
| 260 | _bGDP Publishing | ||
| 260 | _c2012 | ||
| 300 | _a155 p | ||
| 942 | _cBK | ||
| 999 |
_c35161 _d35161 |
||